000 00670cam a2200217 a 4500
001 3488872
005 20180306032729.0
008 941020s1995 nyua 001 0 eng
010 _a 94040756
020 _a0716726289
040 _aDLC
_cDLC
_dDLC
041 _aeng
080 _a519.5
082 0 0 _a519.5 MOO
_220
100 1 _a55
101 _aSTA
245 1 4 _aThe basic practice of statistics /
_cDavid S. Moore.
906 _a7
_bcbc
_corignew
_d1
_eocip
_f19
_gy-gencatlg
942 _2ddc
_cBK
999 _c44121
_d44121